000 00477nam a22001817a 4500
003 OSt
005 20250506114504.0
008 250506b |||||||| |||| 00| 0 eng d
020 _a978-93-85992-85-8
040 _cSBCL
082 _a920
_bKOD-S
100 _aKoduppanapolackal,Ancy
245 _aSwasathinte Udampadi
260 _aKottayam
_bBook Solutions
_c2023
300 _a151p.
650 _2History & geography
_aBiography, genealogy & insignia
942 _cBOOK
999 _c136863
_d136863